Statystyki dla Polskie Skrótowce

Kliknij tutaj aby rozwiązać quiz!

Ogólne statystyki

  • Ten quiz został rozwiązany 491 razy
  • Średni wynik to 8 z 20

Statystyki odpowiedzi

AkronimRozwinięcia skrótowców% Poprawnych
NBPNarodowy Bank Polski
90%
ZUSZakład Ubezpieczeń Społecznych
79%
PKPPolskie Koleje Państwowe
75%
GUSGłówny Urząd Statystyczny
64%
GOPRGórskie Ochotnicze Pogotowie Ratunkowe
64%
SLDSojusz Lewicy Demokratycznej
61%
ABWAgencja Bezpieczeństwa Wewnętrznego
57%
MSWiAMinisterstwo Spraw Wewnętrznych i Administracji
51%
WORDWojewódzki Ośrodek Ruchu Drogowego
50%
KRRiTKrajowa Rada Radiofonii i Telewizji
39%
PANPolska Akademia Nauk
32%
PKSPaństwowa Komunikacja Samochodowa
28%
PKWPaństwowa Komisja Wyborcza
26%
PGNiGPolskie Górnictwo Naftowe i Gazownictwo
26%
PZUPowszechny Zakład Ubezpieczeń
23%
AZSAkademicki Związek Sportowy
20%
EKUZEuropejska Karta Ubezpieczenia Zdrowotnego
20%
CBOSCentrum Badania Opinii Społecznej
19%
PESELPowszechny Elektroniczny System Ewidencji Ludności
15%
ZAiKSZwiązek Autorów i Kompozytorów Scenicznych
4%

Rozkład punktacji

Percentyl według liczby udzielonych odpowiedzi

Procent ludzi z każdym wynikiem

Twoja historia wyników

Nie rozwiązałeś tego quizu